[Event "European Blitz 2022"]
[Site "Katowice POL"]
[Date "2022.12.16"]
[Round "4.2"]
[White "Navara, David"]
[Black "Tsikarishvili, Nana"]
[Result "1-0"]
[WhiteTitle "GM"]
[WhiteElo "2684"]
[BlackElo "2066"]
[WhiteFideId "309095"]
[BlackFideId "13601806"]
[EventDate "2022.12.16"]

1. d4 f5 2. g3 Nf6 3. Bg2 d6 4. Nc3 g6 5. h4 Bg7 6. h5 Nxh5 7. e4 O-O 8. exf5
Rxf5 9. g4 Nf4 10. gxf5 Nxg2+ 11. Kf1 Bxf5 12. Kxg2 e5 13. dxe5 Bxe5 14. Qd5+
Kh8 15. Nf3 c6 16. Qf7 1-0

[Event "European Blitz 2022"]
[Site "Katowice POL"]
[Date "2022.12.16"]
[Round "4.3"]
[White "Miturova, Magdalena"]
[Black "Svane, Rasmus"]
[Result "0-1"]
[WhiteTitle "WIM"]
[BlackTitle "GM"]
[WhiteElo "2147"]
[BlackElo "2622"]
[WhiteFideId "330221"]
[BlackFideId "4657101"]
[EventDate "2022.12.16"]

1. e4 c6 2. d4 d5 3. Nc3 dxe4 4. Nxe4 Nf6 5. Nxf6+ exf6 6. c3 Bd6 7. Bd3 O-O 8.
Ne2 Re8 9. O-O Nd7 10. Bf4 Nf8 11. Bxd6 Qxd6 12. Ng3 g6 13. Qd2 f5 14. Qh6 Rd8
15. Rae1 Be6 16. f4 c5 17. Ne2 Bxa2 18. Rf3 Qf6 19. dxc5 Ne6 20. Ng3 Qg7 21. Qh4
Qf8 22. Bxf5 Qxc5+ 23. Kh1 Ng7 24. Be4 f5 25. Bc2 Re8 26. Ref1 Bc4 27. Rd1 Bd5
28. Rfd3 Bf7 29. Rd7 Qe3 30. h3 Rf8 31. Re7 Qf2 32. Re2 Qb6 33. Re7 Rad8 34.
Rde1 Rde8 35. Rxe8 Rxe8 36. Rxe8+ Nxe8 37. Ne2 Qxb2 38. Bd1 Qb1 39. Qe1 Qe4 0-1

[Event "European Blitz 2022"]
[Site "Katowice POL"]
[Date "2022.12.16"]
[Round "4.4"]
[White "Deac, Bogdan-Daniel"]
[Black "Niccoli, Tony"]
[Result "1-0"]
[WhiteTitle "GM"]
[WhiteElo "2700"]
[BlackElo "2027"]
[WhiteFideId "1226380"]
[BlackFideId "432946"]
[EventDate "2022.12.16"]

1. b3 e5 2. Bb2 Nc6 3. Nf3 e4 4. Nd4 Nxd4 5. Bxd4 Nf6 6. e3 d5 7. c4 c5 8. Bxf6
Qxf6 9. Nc3 dxc4 10. Bxc4 Qg6 11. Bb5+ Bd7 12. Bxd7+ Kxd7 13. Qe2 f5 14. f3 Re8
15. fxe4 fxe4 16. Qb5+ Qc6 17. Qc4 Bd6 18. O-O-O Rhf8 19. Rdf1 a6 20. Rxf8 Rxf8
21. Nxe4 b5 22. Qd3 c4 23. bxc4 Qxc4+ 24. Qxc4 Ba3+ 25. Kc2 bxc4 26. Kc3 Re8 27.
Ng5 h6 28. Nf3 Re4 29. Rb1 Kc7 30. h3 g5 31. Nd4 g4 32. Kxc4 gxh3 33. gxh3 Rh4
34. Kd3 Rxh3 35. Rg1 Rh2 36. Rg7+ Kb6 37. Rg6+ Kb7 38. Nb3 Bb4 39. e4 h5 40. e5
h4 41. e6 h3 42. e7 Bxe7 43. Rg7 Rg2 44. Rxe7+ Kb6 45. Rh7 h2 46. Rh6+ Kb5 47.
Nd4+ Kb4 48. Nf3 Rg3 49. Ke3 a5 50. Rxh2 Ka3 51. Rh4 Kxa2 52. Ra4+ Kb3 53. Rxa5
Kc4 54. Rf5 Rg8 55. d3+ Kc3 56. Rc5+ Kb4 57. d4 Re8+ 58. Ne5 Rh8 59. Nd3+ Kb3
60. d5 Re8+ 61. Kd4 Rh8 62. d6 Rh4+ 63. Kd5 Rh3 64. Ne5 Kb4 65. d7 Rh1 66. Nd3+
Ka4 67. d8=Q Rh5+ 68. Ne5 Kb3 69. Qb6+ 1-0

[Event "European Blitz 2022"]
[Site "Katowice POL"]
[Date "2022.12.16"]
[Round "4.5"]
[White "Dzierzak, Radoslaw"]
[Black "Grandelius, Nils"]
[Result "0-1"]
[WhiteTitle "FM"]
[BlackTitle "GM"]
[WhiteElo "2211"]
[BlackElo "2660"]
[WhiteFideId "1161407"]
[BlackFideId "1710400"]
[EventDate "2022.12.16"]

1. e4 c5 2. Nf3 e6 3. d4 cxd4 4. Nxd4 a6 5. Nc3 b5 6. g3 Bb7 7. Bg2 Nc6 8. O-O
Nxd4 9. Qxd4 Rc8 10. Bf4 Ne7 11. Rfd1 Nc6 12. Qd2 Na5 13. Ne2 Nc4 14. Qc1 Bc5
15. b3 Nb6 16. Bd6 Bxd6 17. Rxd6 Qc7 18. Rd2 O-O 19. Qd1 d5 20. exd5 Bxd5 21.
Bxd5 Nxd5 22. Rc1 b4 23. a3 a5 24. axb4 axb4 25. c4 bxc3 26. Rdc2 Qe5 27. Qd3
Nb4 0-1

[Event "European Blitz 2022"]
[Site "Katowice POL"]
[Date "2022.12.16"]
[Round "4.6"]
[White "Santos Latasa, Jaime"]
[Black "Mrvova, Alena"]
[Result "1-0"]
[WhiteTitle "GM"]
[BlackTitle "WIM"]
[WhiteElo "2668"]
[BlackElo "2135"]
[WhiteFideId "2293307"]
[BlackFideId "14902036"]
[EventDate "2022.12.16"]

1. Nf3 Nf6 2. c4 c5 3. Nc3 g6 4. d4 cxd4 5. Nxd4 Bg7 6. e4 d6 7. f3 O-O 8. Be3
Nbd7 9. Be2 Ne5 10. Rc1 Bd7 11. O-O a6 12. Nb3 Bc6 13. Nd4 Ned7 14. b4 Nb8 15.
Qb3 b6 16. Rfd1 Bb7 17. c5 b5 18. a4 bxa4 19. Nxa4 Nc6 20. Nxc6 Bxc6 21. Nb6 Rb8
22. cxd6 Bb5 23. Bxb5 axb5 24. dxe7 Qxe7 25. Bc5 Qb7 26. Bxf8 Bxf8 27. Nd5 Nxd5
28. Rxd5 Qe7 29. Rcd1 Qxb4 30. Qxb4 Bxb4 31. Rd8+ Rxd8 32. Rxd8+ Kg7 33. Rd5 Bc3
34. Rxb5 Bd4+ 35. Kf1 h5 36. g3 Bc3 37. f4 Kf6 38. Ke2 Ke6 39. Kf3 Bd4 40. Ra5
Bc3 41. Ra6+ Ke7 42. e5 Bd4 43. Ke4 Bg1 44. h3 Bf2 45. g4 hxg4 46. hxg4 Bg3 47.
Ra7+ Ke8 48. f5 1-0

[Event "European Blitz 2022"]
[Site "Katowice POL"]
[Date "2022.12.16"]
[Round "4.7"]
[White "Lajbl, Jan"]
[Black "Saric, Ante"]
[Result "0-1"]
[BlackTitle "GM"]
[WhiteElo "2225"]
[BlackElo "2504"]
[WhiteFideId "390240"]
[BlackFideId "14506254"]
[EventDate "2022.12.16"]

1. e4 d5 2. exd5 Nf6 3. c4 e6 4. dxe6 Bxe6 5. d3 Nc6 6. Nf3 Qd7 7. Be2 O-O-O 8.
a3 Bf5 9. O-O Bxd3 10. Bxd3 Qxd3 11. Qxd3 Rxd3 12. Nc3 Bc5 13. Ng5 h6 14. Nge4
Bd4 15. Nxf6 Bxf6 16. Nd5 Bd4 17. Re1 Ne5 18. Bf4 f6 19. Re2 Rb3 20. Ne7+ Kb8
21. Nf5 Rd8 22. Nxd4 Rxd4 23. Bxe5 fxe5 24. Rxe5 b6 25. Re8+ Kb7 26. Re7 g5 27.
Re6 Rxc4 28. Rxh6 Rxb2 29. Rg6 Ra2 30. Rf1 Rc5 31. f4 gxf4 32. h4 Rxa3 33. Rxf4
a5 34. g4 a4 35. h5 Ra2 36. h6 Rc1+ 37. Rf1 Rcc2 38. Rb1 a3 39. h7 Rg2+ 40. Kf1
Rh2 41. Kg1 Rxh7 42. g5 Rhh2 43. Rc1 Rag2+ 44. Kf1 Rh1+ 45. Kxg2 Rxc1 0-1

[Event "European Blitz 2022"]
[Site "Katowice POL"]
[Date "2022.12.16"]
[Round "4.8"]
[White "Sargsyan, Shant"]
[Black "Herega, Nejc"]
[Result "1-0"]
[WhiteTitle "GM"]
[WhiteElo "2645"]
[BlackElo "2164"]
[WhiteFideId "13306766"]
[BlackFideId "14634058"]
[EventDate "2022.12.16"]

1. d4 Nf6 2. Nf3 g6 3. Nc3 d5 4. Bf4 Bg7 5. Nb5 Na6 6. e3 O-O 7. h3 Ne4 8. c3 c6
9. Na3 Nb8 10. Be2 Nd7 11. O-O Ndf6 12. c4 Be6 13. Qb3 Qb6 14. Rfc1 Rfc8 15. c5
Qxb3 16. axb3 b6 17. b4 b5 18. Nb1 Nh5 19. Bh2 f5 20. Ne5 Bxe5 21. Bxe5 Nhf6 22.
Ra6 Nd7 23. Bh2 Bf7 24. f3 Nef6 25. Nc3 Ne8 26. Rca1 1-0

[Event "European Blitz 2022"]
[Site "Katowice POL"]
[Date "2022.12.16"]
[Round "4.9"]
[White "Szczurek, Krzysztof"]
[Black "Mastrovasilis, Dimitrios"]
[Result "1-0"]
[WhiteTitle "FM"]
[BlackTitle "GM"]
[WhiteElo "2163"]
[BlackElo "2605"]
[WhiteFideId "1185489"]
[BlackFideId "4202694"]
[EventDate "2022.12.16"]

1. d4 d5 2. Nc3 Nf6 3. Bf4 a6 4. e3 b5 5. Bd3 Bb7 6. Nf3 Nbd7 7. a4 b4 8. Ne2 c5
9. c4 bxc3 10. bxc3 c4 11. Bc2 e6 12. O-O Be7 13. h3 O-O 14. Qd2 Bc6 15. Rfb1
Qa5 16. Bg5 h6 17. Bh4 Rab8 18. Bg3 Rxb1+ 19. Rxb1 Ne4 20. Bxe4 dxe4 21. Ne5
Nxe5 22. Bxe5 Qxa4 23. Qb2 Bb5 24. Ng3 f6 25. Bc7 Rc8 26. Bb6 Rb8 27. Bc5 Bxc5
28. dxc5 f5 29. Nh5 Rc8 30. Nf4 e5 31. Nd5 Kh7 32. Nb6 Qa5 33. Nxc8 Qc7 34. Nd6
f4 35. exf4 exf4 36. Qc2 Bc6 37. Nxe4 Kh8 38. Re1 Qe5 39. f3 a5 40. Qd2 Kh7 41.
Qd4 Qf5 42. Nd6 Qg5 43. Qe5 Qg6 44. Qf5 a4 45. Qxg6+ Kxg6 46. Kf2 Kf6 47. Nc8
Bd5 48. Nb6 Bc6 49. Nxc4 1-0

[Event "European Blitz 2022"]
[Site "Katowice POL"]
[Date "2022.12.16"]
[Round "4.10"]
[White "Yuffa, Daniil"]
[Black "Povilaitis, Tomas"]
[Result "1-0"]
[WhiteTitle "GM"]
[WhiteElo "2587"]
[BlackElo "2038"]
[WhiteFideId "24131423"]
[BlackFideId "12811700"]
[EventDate "2022.12.16"]

1. d4 d5 2. c4 e6 3. Nf3 Nf6 4. g3 Be7 5. Bg2 O-O 6. Qc2 b6 7. cxd5 exd5 8. O-O
Bb7 9. Nc3 c5 10. Bf4 Nc6 11. Rad1 Rc8 12. dxc5 bxc5 13. Qb3 Na5 14. Qa4 Bc6 15.
Qc2 Qb6 16. Ne5 d4 17. Nxc6 Nxc6 18. Ne4 Nb4 19. Qc4 Nbd5 20. Nxf6+ Nxf6 21. b3
Bd6 22. Bc1 Rfe8 23. e3 Be5 24. Rfe1 Red8 25. f4 Bd6 26. e4 Bf8 27. e5 Ne8 28.
Be4 Nc7 29. f5 Nb5 30. Bg5 Re8 31. Bd5 Rc7 32. e6 fxe6 33. Rxe6 Rxe6 34. fxe6
Be7 35. Qf1 Bxg5 36. e7+ 1-0

[Event "European Blitz 2022"]
[Site "Katowice POL"]
[Date "2022.12.16"]
[Round "4.11"]
[White "Pidluznij, Gleb"]
[Black "Lagarde, Maxime"]
[Result "0-1"]
[BlackTitle "GM"]
[WhiteElo "2159"]
[BlackElo "2584"]
[WhiteFideId "12817082"]
[BlackFideId "662399"]
[EventDate "2022.12.16"]

1. e4 c5 2. Nf3 d6 3. Bb5+ Nd7 4. O-O a6 5. Bd3 Ngf6 6. Re1 e6 7. c3 b5 8. Bc2
Bb7 9. d4 cxd4 10. cxd4 Be7 11. h3 O-O 12. a3 Qb8 13. Nc3 Rc8 14. Be3 h6 15. Qd3
Rxc3 16. bxc3 Bxe4 17. Qe2 Bxc2 18. Qxc2 Qb7 19. a4 Rc8 20. axb5 axb5 21. Qd3
Nd5 22. Rec1 Qc6 23. Rab1 Qc4 24. Qxc4 bxc4 25. Nd2 N7b6 26. Ra1 f5 27. Nf3 g5
28. Kf1 Kf7 29. Ke2 Kg6 30. Ra7 h5 31. g3 g4 32. hxg4 hxg4 33. Nd2 Rh8 34. Rb7
Bf6 35. Rc2 Rh2 36. Rb8 Na4 37. Nxc4 Naxc3+ 38. Kd3 Ne4 39. Re8 Kf7 40. Rb8 Nxe3
41. Nxe3 Nxf2+ 42. Kc4 d5+ 43. Kb3 Bxd4 44. Rc7+ Kf6 45. Rf8+ Ke5 46. Nc2 Ne4
47. Nxd4 Kxd4 48. Re8 Re2 49. Ra7 Nxg3 50. Ra4+ Ke5 51. Ra6 Kf6 52. Kc3 f4 53.
Rf8+ Ke5 54. Ra4 Ne4+ 55. Kd3 Rd2# 0-1

[Event "European Blitz 2022"]
[Site "Katowice POL"]
[Date "2022.12.16"]
[Round "4.12"]
[White "Ziska, Helgi Dam"]
[Black "Jonsson, Gauti Pall"]
[Result "1-0"]
[WhiteTitle "GM"]
[WhiteElo "2546"]
[BlackElo "2045"]
[WhiteFideId "7200595"]
[BlackFideId "2309092"]
[EventDate "2022.12.16"]

1. e4 d5 2. exd5 Qxd5 3. Nc3 Qd8 4. d4 Nf6 5. Bc4 a6 6. Nf3 b5 7. Bb3 c5 8. dxc5
Qxd1+ 9. Nxd1 e6 10. Be3 Bb7 11. c4 b4 12. a3 bxa3 13. Ba4+ Bc6 14. Rxa3 Be7 15.
b4 O-O 16. Nc3 Bxa4 17. Rxa4 Nc6 18. Ke2 Nd7 19. Rha1 Bf6 20. R1a3 Nce5 21. Nxe5
Nxe5 22. b5 Be7 23. Rxa6 Rxa6 24. Rxa6 Nxc4 25. c6 Bb4 26. Na4 Rc8 27. b6 Bd6
28. b7 Rd8 29. Ra8 1-0

[Event "European Blitz 2022"]
[Site "Katowice POL"]
[Date "2022.12.16"]
[Round "4.13"]
[White "Player, Edmund C"]
[Black "Donchenko, Alexander"]
[Result "0-1"]
[BlackTitle "GM"]
[WhiteElo "2198"]
[BlackElo "2636"]
[WhiteFideId "406520"]
[BlackFideId "24603295"]
[EventDate "2022.12.16"]

1. e4 c6 2. d4 d5 3. Nd2 dxe4 4. Nxe4 Nf6 5. Nxf6+ exf6 6. c3 Bd6 7. Bd3 O-O 8.
Ne2 Re8 9. Qc2 h5 10. O-O h4 11. h3 Nd7 12. Bf4 Nf8 13. Bxd6 Qxd6 14. Rae1 Be6
15. b3 a5 16. c4 a4 17. c5 axb3 18. axb3 Qc7 19. Nc3 Rad8 20. Ne4 Rxd4 21. Nd6
Ra8 22. Re4 Rxe4 23. Bxe4 Nd7 24. b4 Ne5 25. f4 Nd7 26. Bh7+ Kh8 27. Bf5 Nf8 28.
Re1 b6 29. Qf2 Bxf5 30. Nxf5 Ng6 31. Nxh4 Nxf4 32. Nf5 Ng6 33. cxb6 Qd8 34. Qc5
Ne5 35. Nd6 Kg8 36. b7 Rb8 37. Ra1 Nd3 38. Qd4 Ne5 39. Qc5 g6 40. Rd1 Rxb7 41.
Rd4 Rd7 42. Kh2 Kg7 43. h4 Qh8 44. Kg3 Qh5 45. Rf4 Qe2 46. Ne4 Rd3+ 47. Kh2 Ng4+
48. Rxg4 Qxg4 49. Qxc6 Qf4+ 50. g3 Qf3 51. b5 Re3 52. b6 Rxe4 0-1

[Event "European Blitz 2022"]
[Site "Katowice POL"]
[Date "2022.12.16"]
[Round "4.14"]
[White "Moroni, Luca Jr"]
[Black "Petrek, Dominik"]
[Result "1-0"]
[WhiteTitle "GM"]
[WhiteElo "2576"]
[BlackElo "2099"]
[WhiteFideId "865834"]
[BlackFideId "14954990"]
[EventDate "2022.12.16"]

1. d4 Nf6 2. Bf4 e6 3. Nf3 d5 4. e3 Bd6 5. Nbd2 c5 6. dxc5 Bxc5 7. Bd3 Nc6 8.
O-O O-O 9. e4 dxe4 10. Nxe4 Be7 11. Qe2 Qb6 12. c3 Rd8 13. Rad1 Bd7 14. Rfe1 Be8
15. h3 a6 16. Bg5 Nd5 17. Bc1 h6 18. Bb1 f5 19. Ng3 Bf7 20. c4 Nf6 21. b3 Rxd1
22. Rxd1 Rd8 23. Re1 Qc7 24. Bb2 Qd7 25. a3 a5 26. Bc2 Qc7 27. Ne5 Nxe5 28. Bxe5
Qc6 29. Bb2 b6 30. f4 h5 31. Kh2 h4 32. Nf1 Bd6 33. Qf2 Qc7 34. Be5 Bxe5 35.
fxe5 Nd7 36. Qxh4 Nxe5 37. Qg3 f4 38. Qg5 Nd3 39. Rd1 f3+ 40. Ng3 f2 41. b4 f1=Q 1-0

[Event "European Blitz 2022"]
[Site "Katowice POL"]
[Date "2022.12.16"]
[Round "4.15"]
[White "Nazarova, Anastasia"]
[Black "Piorun, Kacper"]
[Result "0-1"]
[WhiteTitle "WFM"]
[BlackTitle "GM"]
[WhiteElo "2196"]
[BlackElo "2611"]
[WhiteFideId "34101737"]
[BlackFideId "1130420"]
[EventDate "2022.12.16"]

1. e4 g6 2. d4 Bg7 3. Nc3 c5 4. dxc5 Bxc3+ 5. bxc3 Qa5 6. Qd4 Nf6 7. Qb4 Qc7 8.
Bd3 Nc6 9. Qc4 b6 10. cxb6 axb6 11. Ne2 Ba6 12. Qb3 O-O 13. Bf4 d6 14. O-O Na5
15. Qb4 Rfc8 16. Rfb1 Nd7 17. Be3 Nc6 18. Qb2 Nce5 19. Rd1 Nc4 20. Qc1 Nde5 21.
h3 Qc6 22. Bd4 Nd7 23. Rb1 Nc5 24. f3 Qa4 25. Rb4 Qxa2 26. Qa1 Qxa1 27. Rxa1
Nxd3 28. cxd3 Ne5 29. Bxe5 dxe5 30. Rd1 b5 31. Nc1 Rxc3 32. Ne2 Rc2 33. Kf1 Ra2
34. Nc3 Rc2 35. Ne2 Rb8 36. Ke1 Rb6 37. Rd2 Rc5 38. Rdb2 Bc8 39. Kd2 Bd7 40. Nc1
f6 41. Nb3 Rc7 42. Nc1 Kf7 43. Ne2 Rcb7 44. Nc3 Rb8 45. Nd5 R6b7 46. Nc3 Bc6 47.
R4b3 h5 48. h4 Ke6 49. Rb4 Kd6 50. Ne2 Rg8 51. Ke3 Rgb8 52. Kd2 Ra8 53. Nc3 Ra1
54. Nxb5+ Bxb5 55. Rxb5 Rxb5 56. Rxb5 Rg1 57. Rb6+ Kd7 58. Rb7+ Ke6 59. Rb6+ Kf7
60. Ke3 Rxg2 61. d4 exd4+ 62. Kxd4 Rh2 63. Ke3 Rxh4 64. Rb8 Rh1 65. Kf2 Ra1 66.
Kg3 g5 67. Rh8 h4+ 68. Kh3 Rg1 69. Kh2 Rg3 70. f4 gxf4 71. Rxh4 e5 72. Rh7+ Kg6
73. Rh8 Re3 74. Rg8+ Kf7 75. Ra8 Rxe4 76. Ra7+ Kg6 77. Kg2 Kf5 78. Ra8 Re2+ 79.
Kf1 Rb2 80. Rf8 e4 81. Ke1 f3 0-1

[Event "European Blitz 2022"]
[Site "Katowice POL"]
[Date "2022.12.16"]
[Round "4.17"]
[White "Bazakutsa, Svyatoslav"]
[Black "Oleksiyenko, Mykhaylo"]
[Result "0-1"]
[BlackTitle "GM"]
[WhiteElo "2318"]
[BlackElo "2594"]
[WhiteFideId "14198525"]
[BlackFideId "4152417"]
[EventDate "2022.12.16"]

1. c4 e5 2. g3 Be7 3. Bg2 f5 4. Nc3 Nf6 5. e3 O-O 6. Nge2 d6 7. O-O Kh8 8. b4 c6
9. b5 Be6 10. bxc6 bxc6 11. Qa4 d5 12. cxd5 cxd5 13. Ba3 Bxa3 14. Qxa3 Nc6 15.
Rfc1 Rc8 16. d4 exd4 17. exd4 Bf7 18. Na4 f4 19. Nxf4 Nxd4 20. Rxc8 Qxc8 21. Rc1
Qe8 22. Nc3 Kg8 23. Qxa7 Qe5 24. Nd3 Ne2+ 25. Kf1 Qf5 26. Nxe2 Qxd3 27. Qd4 Qa6
28. Qd2 Bh5 29. f3 Re8 30. Kf2 Rf8 31. Kg1 Qa7+ 32. Nd4 Nd7 33. Kh1 Bf7 34. Nc6
Qa3 35. f4 Nf6 36. Rc3 Qa4 37. Ne5 Be6 38. Rc6 Bf5 39. Bxd5+ Kh8 40. Rc4 Qb5 41.
Kg1 Qxd5 42. Rd4 Qc5 43. Kg2 Be4+ 44. Kh3 Qc8+ 45. g4 Qc5 46. g5 Qa3+ 47. Kh4
Bf5 48. gxf6 Qh3+ 49. Kg5 h6# 0-1

[Event "European Blitz 2022"]
[Site "Katowice POL"]
[Date "2022.12.16"]
[Round "4.18"]
[White "Saraci, Nderim"]
[Black "Balinski, Damian"]
[Result "1-0"]
[WhiteTitle "IM"]
[WhiteElo "2468"]
[BlackElo "2190"]
[WhiteFideId "6351921"]
[BlackFideId "1120913"]
[EventDate "2022.12.16"]

1. d4 f5 2. g3 Nf6 3. Bg2 g6 4. c3 Bg7 5. Qb3 Nc6 6. Nd2 d6 7. e4 fxe4 8. Nxe4
Nxe4 9. Bxe4 e5 10. Nf3 Qe7 11. O-O Bd7 12. Bg5 Qf7 13. Qxb7 Rb8 14. Qxc7 d5 15.
Be3 dxe4 16. Ng5 Qe7 17. d5 Rc8 18. Qb7 Nd8 19. Qxa7 O-O 20. Nxe4 Re8 21. Bc5
Qf7 22. Nd6 Qf3 23. Qxd7 Rf8 24. Nxc8 Nf7 25. Bxf8 Ng5 26. Qxg7# 1-0

[Event "European Blitz 2022"]
[Site "Katowice POL"]
[Date "2022.12.16"]
[Round "4.19"]
[White "Galuszka, Tomasz"]
[Black "Livaic, Leon"]
[Result "0-1"]
[BlackTitle "GM"]
[WhiteElo "2184"]
[BlackElo "2572"]
[WhiteFideId "21816409"]
[BlackFideId "14531534"]
[EventDate "2022.12.16"]

1. e4 c5 2. Nf3 e6 3. d4 cxd4 4. Nxd4 a6 5. Nc3 Qc7 6. g3 Nf6 7. Bg2 d6 8. O-O
Be7 9. a4 O-O 10. a5 Nc6 11. Nxc6 bxc6 12. Be3 Nd7 13. Na4 e5 14. Nb6 Nxb6 15.
Bxb6 Qb8 16. b3 Bd8 17. Be3 Be6 18. Qd2 Bc7 19. Qc3 Qb5 20. f4 f6 21. f5 Bf7 22.
Rfd1 Rfc8 23. Bf1 Qb7 24. g4 d5 25. Bc5 Rd8 26. h4 d4 27. Qg3 Kh8 28. g5 Bd6 29.
Bb6 Rf8 30. g6 Bg8 31. gxh7 Bf7 32. Be2 c5 33. Qg4 c4 34. bxc4 Rac8 35. Rab1
Bxc4 36. Bc5 Bxe2 37. Qxe2 d3 38. cxd3 Bxc5+ 39. Kh1 Qf7 40. Rdc1 Bd4 41. Rc4
Rxc4 42. dxc4 Kxh7 43. c5 Bxc5 44. Qxa6 Qh5 45. Qd3 Qxh4+ 46. Kg2 Qg4+ 47. Kf1
Qf4+ 48. Ke2 Qf2+ 49. Kd1 Qd4 50. Qxd4 Bxd4 51. Rb5 Kh6 0-1

[Event "European Blitz 2022"]
[Site "Katowice POL"]
[Date "2022.12.16"]
[Round "4.20"]
[White "Dvirnyy, Danyyil"]
[Black "Klepek, Witold"]
[Result "1-0"]
[WhiteTitle "GM"]
[WhiteElo "2530"]
[BlackElo "2216"]
[WhiteFideId "817570"]
[BlackFideId "1175068"]
[EventDate "2022.12.16"]

1. Nf3 Nf6 2. d4 e6 3. c4 d5 4. g3 dxc4 5. Bg2 Bb4+ 6. Bd2 a5 7. Qc2 Bxd2+ 8.
Qxd2 Nc6 9. Nc3 O-O 10. O-O Qd6 11. Rfd1 Rd8 12. Rac1 Rb8 13. Qg5 h6 14. Qb5 Qb4
15. a3 Qb3 16. e3 Nd5 17. Qxb3 cxb3 18. Nd2 Nce7 19. Nxb3 b6 20. Nxd5 exd5 21.
Rxc7 Kf8 22. Nc1 Bf5 23. Ne2 g5 24. Rdc1 Bd3 25. Bf3 Bc4 26. Kg2 Rbc8 27. Rxc8
Rxc8 28. Kg1 f5 29. h3 Kf7 30. Rc2 Ke6 31. Nc1 Rh8 32. b3 Ba6 33. Be2 Bb7 34.
Nd3 h5 35. Ne5 h4 36. g4 f4 37. Rc7 Bc8 38. Bd3 fxe3 39. fxe3 Kd6 40. Rc3 Rf8
41. Be2 Bb7 42. Rc1 Nc6 43. Nf3 Rg8 44. Bd3 Nd8 45. Rf1 Ne6 46. Ne5 Rc8 47. Rf7
Rc7 48. Rf6 Rc3 49. Bf5 Bc8 50. Kf2 Rxb3 51. Rh6 Rxa3 52. Bxe6 Bxe6 53. Nf7+ Ke7
54. Nxg5 Bd7 55. Rxb6 a4 56. Kf3 Ra2 57. Ra6 Rh2 58. Kf4 Re2 59. Nf3 Rf2 60. e4
dxe4 61. Kxe4 Re2+ 62. Kf4 Rf2 63. Ke3 Rf1 64. Ne5 Be8 65. d5 Rd1 66. Re6+ Kf8
67. Ke4 a3 68. Ra6 Ra1 69. Kf5 Rf1+ 70. Kg5 Re1 71. Nc4 Rd1 72. d6 Bf7 73. Nxa3
Rd3 74. Kxh4 Ke8 75. Ra7 Rxd6 76. Nb5 Rd3 77. Kg5 Rd5+ 78. Kf6 Rxb5 79. Re7+ Kd8
80. Rxf7 Rb6+ 81. Kg7 Rb3 82. g5 Rxh3 83. g6 1-0

[Event "European Blitz 2022"]
[Site "Katowice POL"]
[Date "2022.12.16"]
[Round "4.21"]
[White "Hulka, Valentyn"]
[Black "Tazbir, Marcin"]
[Result "0-1"]
[WhiteTitle "CM"]
[BlackTitle "GM"]
[WhiteElo "2222"]
[BlackElo "2508"]
[WhiteFideId "34107061"]
[BlackFideId "1122452"]
[EventDate "2022.12.16"]

1. e4 c5 2. Nf3 d6 3. Bb5+ Nd7 4. a4 a6 5. Be2 Ngf6 6. Nc3 g6 7. a5 Bg7 8. O-O
O-O 9. d3 b5 10. axb6 Qxb6 11. Nd2 Ne5 12. Kh1 Qc7 13. f4 Nc6 14. Nc4 Rb8 15. f5
Nd4 16. Bg5 Bb7 17. Ne3 Qd7 18. Qd2 Kh8 19. Bxf6 Bxf6 20. Ng4 Bg7 21. f6 exf6
22. Nxf6 Qe7 23. Ncd5 Bxd5 24. Nxd5 Qe5 25. Rxa6 Rxb2 26. Bd1 f5 27. Ne3 Bh6 28.
Qc3 Rb1 29. Nc4 fxe4 30. Rxf8+ Bxf8 31. Ra1 Qf4 32. h3 Qf1+ 33. Kh2 Qxd1 34.
Rxb1 Qxb1 35. Qa5 Ne2 0-1

[Event "European Blitz 2022"]
[Site "Katowice POL"]
[Date "2022.12.16"]
[Round "4.22"]
[White "Fridman, Daniel"]
[Black "Sidletskyi, Ivan"]
[Result "1-0"]
[WhiteTitle "GM"]
[WhiteElo "2602"]
[BlackElo "2152"]
[WhiteFideId "11600454"]
[BlackFideId "14156024"]
[EventDate "2022.12.16"]

1. d4 Nf6 2. Nf3 d5 3. c4 e6 4. g3 Be7 5. Bg2 O-O 6. Nc3 c5 7. cxd5 exd5 8. O-O
Be6 9. b3 Nc6 10. Bb2 Ne4 11. Na4 b6 12. Rc1 Rc8 13. e3 Bf6 14. Ba3 Re8 15. Re1
Qd7 16. Bb2 Nb4 17. a3 Na6 18. Nc3 Nxc3 19. Bxc3 c4 20. bxc4 dxc4 21. e4 Bg4 22.
Qc2 Nc7 23. d5 Bxc3 24. Qxc3 Nb5 25. Qb4 a5 26. Qb2 c3 27. Qb1 Nxa3 28. Qxb6 Nc4
29. Qd4 Bxf3 30. Bxf3 Nd2 31. Rxc3 Qc7 32. Ree3 Nxf3+ 33. Rxf3 Qb7 34. Kg2 Rxc3
35. Rxc3 f6 36. Qa4 Qe7 37. Rc4 h5 38. Qxa5 h4 39. Qb5 Rd8 40. Qc5 Qd7 41. Qc7
h3+ 42. Kf3 Qe8 43. g4 Ra8 44. Kg3 Ra3+ 45. f3 Qg6 46. Qc8+ Kh7 47. Qf5 Qxf5 48.
gxf5 1-0

[Event "European Blitz 2022"]
[Site "Katowice POL"]
[Date "2022.12.16"]
[Round "4.23"]
[White "Ugorek, Kacper"]
[Black "Dragnev, Valentin"]
[Result "0-1"]
[BlackTitle "GM"]
[WhiteElo "1682"]
[BlackElo "2556"]
[WhiteFideId "21890676"]
[BlackFideId "1634852"]
[EventDate "2022.12.16"]

1. d4 Nf6 2. c4 e6 3. Nf3 b6 4. g3 Ba6 5. Nbd2 Bb4 6. Qc2 O-O 7. Bg2 Bb7 8. O-O
a5 9. a3 Be7 10. e4 d6 11. b3 Nfd7 12. Ne1 e5 13. d5 Na6 14. Nd3 Ndc5 15. Nb1
Bc8 16. Nc3 f5 17. Nxc5 Nxc5 18. Bd2 Qe8 19. b4 axb4 20. axb4 Rxa1 21. Rxa1 Nxe4
22. Nxe4 fxe4 23. Bxe4 Qh5 24. Be3 Bh3 25. c5 bxc5 26. bxc5 dxc5 27. Bxc5 Bd6
28. Bxd6 cxd6 29. Qd2 Rc8 30. f3 Qf7 31. Qb2 Qc7 32. Qf2 Bd7 33. Kg2 Rb8 34. Rb1
Rf8 35. Qe3 Qc8 36. Rc1 Qd8 37. Rc2 Qa5 38. h4 h6 39. Qc3 Qd8 40. Qc7 Qe7 41.
Qc3 Bf5 42. Qe3 Bxe4 43. fxe4 Qd7 44. Ra2 Rc8 45. Qf3 Qc7 46. Rf2 Kh8 47. Qe3
Qc4 48. g4 Qc7 49. Kg3 Qb7 50. Rf3 Qb2 51. Qf2 Qb8 52. Rf7 Kg8 53. Rf3 Qb1 54.
Qh2 Qe1+ 55. Qf2 Qxe4 56. g5 h5 57. Kh2 Rc2 58. Rf8+ Kh7 59. g6+ Kxg6 0-1

[Event "European Blitz 2022"]
[Site "Katowice POL"]
[Date "2022.12.16"]
[Round "4.24"]
[White "Kazakouski, Valery"]
[Black "Kucharska, Honorata"]
[Result "1-0"]
[WhiteTitle "GM"]
[BlackTitle "WFM"]
[WhiteElo "2539"]
[BlackElo "2180"]
[WhiteFideId "13507443"]
[BlackFideId "1163868"]
[EventDate "2022.12.16"]

1. Nf3 d5 2. c4 e6 3. b3 Nf6 4. g3 c5 5. Bg2 Nc6 6. e3 Be7 7. O-O O-O 8. Bb2 b6
9. Nc3 Bb7 10. cxd5 exd5 11. d4 Re8 12. Ne5 Bf8 13. Ne2 cxd4 14. Nxc6 Bxc6 15.
Nxd4 Bb7 16. Rc1 Qd7 17. Qd3 Ne4 18. Rfd1 Nc5 19. Qf5 Qxf5 20. Nxf5 Rad8 21. Nd4
g6 22. Nb5 Ne6 23. Bf6 Rd7 24. Rd2 a6 25. Nc3 Bb4 26. Rdd1 Nc7 27. Na4 Re6 28.
Bh3 Rxf6 29. Bxd7 Nb5 30. Bxb5 axb5 31. Nc3 Rd6 32. Nxb5 Rd7 33. Rc7 1-0